000 00972nam0a22002531 4500
001 rc\1166111
005 20260407142225.0
035 _a(NLR Aleph) 006409811
090 _a5333908
_c5333908
100 _a20041129d1980 |||y0rusy50 ca
101 0 _arus
102 _aRU
105 _aa |||||||||
200 1 _aТеория сверхпроводящих сплавов при внешних воздействиях
_e[Сб. статей]
_fАН МССР, Ин-т прикл. физики
_g[Редкол.: К.К. Гудима (отв. ред.) и др.]
210 _aКишинев
_cШтиинца
_d1980
215 _a74 с.
_cил.
_d22
320 _aБиблиогр. в конце статей
702 1 _aГудима
_bК.К.
_4340
712 0 2 _aИнститут прикладной физики
_cКишинев
_3RU\NLR\AUTH\8810011752
_9521225
801 0 _aRU
_bNLR
_gpsbo
801 1 _aRU
_bELAR
_2rusmarc
852 _aNLR
_j80-6/3514
942 _cBOOK
980 _aNB